| 000 | 03232cam a22004814i 4500 | ||
|---|---|---|---|
| 003 | PE-LiUPU | ||
| 005 | 20250731165418.0 | ||
| 008 | 151214s2001 pe grm 000 0 spa d | ||
| 035 | _a(Sirsi) a155499 | ||
| 040 |
_aPE-LiUPU _bspa _cPE-LiUPU _erda |
||
| 082 | 0 | 4 |
_a227.1 _R54 T3 |
| 099 |
_aTT 3 _bR54 2001 |
||
| 100 | 1 |
_aRichard Pérez, Daniel William _eautor |
|
| 245 | 1 | 3 |
_aEl 'Sacrificio Vivo' del Cristiano : Un estudio exegético de Romanos 12:1, 2 / _cDaniel William Richard Pérez. |
| 264 | 0 | _c2001. | |
| 300 |
_a88 hojas _c30 cm |
||
| 336 |
_atext _2rdacontent |
||
| 337 |
_aunmediated _2rdamedia |
||
| 338 |
_avolume _2rdacarrier |
||
| 502 |
_aTesis _b(Mg.) -- _cUniversidad Peruana Unión, _d2001. |
||
| 504 | _aIncluye referencias | ||
| 520 | 3 | _aDesde la entrada del pecado a la tierra, los sacrificios cumplieron el papel de enseñar al hombre dos verdades fundamentales: que sin derramamiento de sangre no se hace remisión al pecado (Heb 9:22) y que la de la víctima era vicaria (Is 53:4-6). No obstante, la Biblia menciona que todo el sistema sacrificial tuvo su cumplimiento final con la muerte de Cristo en la cruz (Heb 10:1-12). De allí en adelante este es el único sacrificio que tiene valor para la salvación. En e segundo capítulo, hace un breve repaso sobre el sistema sacrificial del Antiguo Testamento y el sentido teológico del mismo. Esto sirve de marco contextual para entender desde la perspectiva en la cual está hablando el apóstol, especialmente cuando llama a presentar el cuerpo en "sacrificio vivo" (Ro 12:1). En el tercer capítulo se analiza el pasaje motivo de la investigación (Ro 12:1,2). Se define en qué consiste el "sacrificio vivo" y cómo lograrlo. Para ello, se hace un análisis de las palabras claves del pasaje, a fin de encontrar las aplicaciones del mensaje paulino para nuestros días. En el cuarto y último capítulo, se aborda el tema de la "consagración" que es la base fundamental para el "sacrificio vivo" del cristiano. Analiza las características fundamentales de la consagración y su consecuente resultado. Por último, dentro de este mismo capítulo, se resume todo el estudio del pasaje (Ro 12:1,2), procurando establecer las implicancias de la consagración en el contexto del "sacrificio vivo" del cristiano. En consecuencia, todo este proceso hermenéutico busca su aplicación para el presente, considerando que siempre el estudio bíblico debe contribuir a la edificación espiritual del cristiano y de la iglesia en general. | |
| 526 | _aSEG44 | ||
| 526 | _aSEG26 | ||
| 526 | _aP151 | ||
| 526 | _aP150 | ||
| 526 | _aP149 | ||
| 526 | _aP146 | ||
| 526 | _aP145 | ||
| 526 | _aP126 | ||
| 526 | _aP125 | ||
| 526 | _aP92 | ||
| 526 | _aP75 | ||
| 526 | _aP74 | ||
| 526 | _aP27 | ||
| 526 | _aP15 | ||
| 630 | 0 | 4 |
_aBiblia _pN.T. _pRomanos 12: 1, 2 _xComentarios. |
| 650 | 0 | 4 |
_aVida cristiana _vTesis. |
| 596 | _a1 | ||
| 942 |
_2ddc _cTESIS |
||
| 999 |
_aTT 3 R54 2001 _wALPHANUM _c8177 _iT00419 _lCCODEBUL3 _mBUL _r1 _sY _tTESIS _u2015-12-14 _xPOSGRADO _PP85 _o.STAFF. Tesis _d8177 |
||
| 999 |
_aTT 3 R54 2001 _wALPHANUM _c2 _iT01126 _lCCODEBUL3 _mBUL _r1 _sY _tTESIS _u2016-8-11 _xPOSGRADO _PP85 _o.STAFF. Tesis |
||
| 980 |
_81 _gALBERTO SANCHEZ Responsable de Automatización |
||